000 00693nam a2200169 4500
999 _c16254
_d16254
008 210906b ||||| |||| 00| 0 eng d
022 _a0732-8435
082 _aDPer 657.05 C33 Apr - Sept 2016, v86 n4-9
100 _aRechtman, Yigal.
_943566
245 _aTechnology, risk management, and the audit process:
_bmanaging new acquisitions in the restarted economy/
_cYigal Rechtman and Guido Gabriele III.
260 _aNew York:
_bThe New York State Society of CPA,
_c©2016.
300 _av86 n5, pages 16-21:
_billustration;
_c28 cm.
650 _aTechnological innovations
_xAuditing.
_943567
650 _aAuditing.
_943568
700 _aGabriele, G.
_cIII
_eAuthor.
_943569
942 _2ddc
_cPER